000 00886 a2200193 4500
020 _a0195179374
040 _aDLC
_bDLC
082 0 0 _a502.85
100 1 _aPratap, Rudra,
245 1 0 _aGetting started with MATLAB 7: a quick introduction for scientists and engineers
_ba quick introduction for scientists and engineers
_cRudra Pratap.
260 _aNew York :
_bOxford University Press,
_c2006.
300 _ax, 244 p. :
_bill. ;
_c24 cm.
650 0 _aScience
_xData processing.
650 0 _aEngineering mathematics
_xData processing.
856 4 2 _3Publisher description
_uhttp://www.loc.gov/catdir/enhancements/fy0636/2005047336-d.html
856 4 2 _3Table of contents only
_uhttp://www.loc.gov/catdir/enhancements/fy0636/2005047336-t.html
856 4 2 _3Contributor biographical information
_uhttp://www.loc.gov/catdir/enhancements/fy0723/2005047336-b.html
942 _cBK
_k502.85 PRA
_2ddc
999 _c4436
_d4436